[Event "GER-chT U20 Girls"]
[Site "Magdeburg"]
[Date "2023.12.29"]
[Round "5.1"]
[White "Wilmink, Anna"]
[Black "Muedder, Melanie"]
[Result "1/2-1/2"]
[WhiteElo "1826"]
[BlackElo "1888"]
[PlyCount "98"]
[EventDate "2023.12.26"]
[EventType "team-swiss"]
[EventRounds "7"]
[EventCountry "GER"]
[SourceTitle "CB03_2024"]
[SourceDate "2024.01.17"]
[SourceVersion "1"]
[SourceVersionDate "2024.01.17"]
[SourceQuality "1"]
[WhiteTeam "Nordhorn Blanke"]
[BlackTeam "Solingen"]
[WhiteTeamCountry "GER"]
[BlackTeamCountry "GER"]

1. e4 c5 2. Nf3 e6 3. d4 cxd4 4. Nxd4 Nf6 5. Nc3 Nc6 6. Ndb5 d6 7. Be2 a6 8. Nd4 Be7 9. 0-0 0-0 10. Be3 Qc7 11. Nb3 b5 12. a3 Ne5 13. Nd2 Bb7 14. f4 Nc4 15. Nxc4 bxc4 16. Bf3 d5 17. e5 Nd7 18. Ne2 Nc5 19. b4 Ne4 20. Nd4 c3 21. Qd3 Rfc8 22. Rfb1 Nd2 23. Bxd2 cxd2 24. Qxd2 Qc3 25. Qxc3 Rxc3 26. Bd1 g5 27. g3 gxf4 28. gxf4 Kh8 29. Rb3 Rg8+ 30. Kf1 Rc4 31. Ne2 f6 32. Rg3 fxe5 33. Rxg8+ Kxg8 34. fxe5 Re4 35. Ng3 Rxe5 36. Bg4 Bf6 37. Rc1 Kf7 38. Kg1 Rg5 39. Bh5+ Kg7 40. Kf2 Bd4+ 41. Ke2 Bc6 42. Bf3 Bb5+ 43. Kd2 Re5 44. Rd1 Re3 45. Bxd5 Rxg3 46. hxg3 exd5 47. c3 Bf6 48. Ra1 d4 49. cxd4 Bxd4 1/2-1/2

[Event "GER-chT U20 Girls"]
[Site "Magdeburg"]
[Date "2023.12.28"]
[Round "4.2"]
[White "Buchholz, Maja Patricia"]
[Black "Wilmink, Anna"]
[Result "0-1"]
[WhiteElo "1945"]
[BlackElo "1826"]
[PlyCount "76"]
[EventDate "2023.12.26"]
[EventType "team-swiss"]
[EventRounds "7"]
[EventCountry "GER"]
[SourceTitle "CB03_2024"]
[SourceDate "2024.01.17"]
[SourceVersion "1"]
[SourceVersionDate "2024.01.17"]
[SourceQuality "1"]
[WhiteTeam "Offenbach"]
[BlackTeam "Nordhorn Blanke"]
[WhiteTeamCountry "GER"]
[BlackTeamCountry "GER"]

1. c4 Nf6 2. g3 e6 3. Bg2 d5 4. Nf3 d4 5. d3 Nc6 6. 0-0 Bc5 7. Na3 0-0 8. Nc2 a5 9. b3 e5 10. a3 Re8 11. Nd2 Bf5 12. Ne4 Nxe4 13. dxe4 Bg4 14. Ne1 Qd7 15. Nd3 Bf8 16. Re1 Bh3 17. Bh1 f5 18. Bd2 fxe4 19. Bxe4 Bf5 20. Bh1 e4 21. Nf4 Bc5 22. Nd5 Ne7 23. Nxe7+ Qxe7 24. Qc1 Qf8 25. Bg2 Bg4 26. Bf4 c6 27. Qb2 h6 28. Rf1 Qe7 29. h3 Bf5 30. b4 axb4 31. axb4 Bxb4 32. Qxd4 Bc5 33. Qc3 Rxa1 34. Rxa1 Qd7 35. Be5 Bxh3 36. Bxh3 Qxh3 37. Bd4 Qf5 38. Ra5 Bxd4 0-1

[Event "GER-ch U16 Girls"]
[Site "Willingen"]
[Date "2023.05.31"]
[Round "5"]
[White "Peglau, Dora"]
[Black "Wilmink, Anna"]
[Result "1-0"]
[WhiteElo "2002"]
[BlackElo "1734"]
[PlyCount "107"]
[EventDate "2023.05.27"]
[EventType "swiss"]
[EventRounds "9"]
[EventCountry "GER"]
[SourceTitle "CBM 214 Extra"]
[Source "ChessBase"]
[SourceDate "2023.07.31"]
[SourceVersion "1"]
[SourceVersionDate "2023.07.31"]
[SourceQuality "1"]

1. Nf3 c5 2. c4 e6 3. Nc3 Nf6 4. d4 d5 5. e3 b6 6. cxd5 exd5 7. Bb5+ Bd7 8. Bxd7+ Qxd7 9. Ne5 Qb7 10. 0-0 Be7 11. Qa4+ Nbd7 12. Rd1 c4 13. b3 cxb3 14. axb3 0-0 15. Qc6 Qxc6 16. Nxc6 Bd6 17. Nb5 Bb8 18. Ba3 Re8 19. Nxb8 Raxb8 20. Nxa7 Ra8 21. Nc6 h6 22. h3 Kh7 23. Bb2 Ne4 24. Ne5 Rxa1 25. Bxa1 Re7 26. Bb2 Ndf6 27. f3 Ng5 28. Rc1 Ra7 29. Rc6 Rb7 30. h4 Ne6 31. Nxf7 Rxf7 32. Rxe6 Rb7 33. e4 dxe4 34. fxe4 Kg8 35. d5 Kf7 36. Bxf6 gxf6 37. Kf2 b5 38. Kf3 Rc7 39. Rc6 Ra7 40. Rb6 Ra5 41. h5 Ke7 42. g3 Kf7 43. Rb7+ Ke8 44. Kg4 Kd8 45. Kf5 Ra1 46. Rxb5 Rg1 47. Ke6 Re1 48. Rb4 Rd1 49. d6 Kc8 50. Rc4+ Kd8 51. Ra4 Kc8 52. d7+ Kc7 53. Rc4+ Kb7 54. Rc8 1-0

[Event "GER-ch U16 Girls"]
[Site "Willingen"]
[Date "2023.05.30"]
[Round "4"]
[White "Wilmink, Anna"]
[Black "Fetahovic, Sarah"]
[Result "1-0"]
[WhiteElo "1734"]
[BlackElo "1423"]
[PlyCount "153"]
[EventDate "2023.05.27"]
[EventType "swiss"]
[EventRounds "9"]
[EventCountry "GER"]
[SourceTitle "CBM 214 Extra"]
[Source "ChessBase"]
[SourceDate "2023.07.31"]
[SourceVersion "1"]
[SourceVersionDate "2023.07.31"]
[SourceQuality "1"]

1. e4 e5 2. Nf3 Nc6 3. d4 exd4 4. Nxd4 Bc5 5. Be3 Qf6 6. Nb5 Bxe3 7. fxe3 Qe5 8. Qd5 Kd8 9. N1c3 d6 10. Qxf7 Nge7 11. 0-0-0 Be6 12. Qf4 a6 13. Nd4 Kd7 14. Nxe6 Qxe6 15. Be2 Ne5 16. Rhf1 N7g6 17. Qf5 Rhf8 18. Qxe6+ Kxe6 19. Nd5 Kd7 20. Nf4 Rae8 21. Nxg6 Nxg6 22. Bh5 Ke7 23. Bxg6 hxg6 24. h4 Rf6 25. Rf4 Kf7 26. Rdf1 Rxe4 27. Kd2 Re5 28. g4 Rd5+ 29. Ke2 Rb5 30. b3 Rc5 31. c4 b5 32. g5 Rff5 33. e4 Rxf4 34. Rxf4+ Ke6 35. cxb5 axb5 36. Kd3 Ke5 37. Rf7 Rc1 38. Rxg7 b4 39. Rxg6 Rc3+ 40. Kd2 Rh3 41. Rg7 c5 42. Rh7 Kxe4 43. g6 Rh2+ 44. Ke1 Rxa2 45. Re7+ Kf5 46. g7 Rg2 47. h5 Kf6 48. h6 Kxe7 49. h7 Rxg7 50. h8Q Rf7 51. Qh4+ Rf6 52. Qh7+ Ke6 53. Qe4+ Kd7 54. Qb7+ Kd8 55. Kd2 Re6 56. Kd3 Re5 57. Kc4 Rh5 58. Qf7 Re5 59. Kb5 Re7 60. Qf8+ Kd7 61. Qa8 Ke6 62. Kc6 Ke5 63. Qh8+ Kf5 64. Qf8+ Ke6 65. Qh6+ Kf7 66. Qf4+ Kg6 67. Qxd6+ Kf7 68. Kxc5 Re6 69. Qd7+ Kf6 70. Kxb4 Re7 71. Qd4+ Kf7 72. Ka5 Ke6 73. b4 Rd7 74. Qe3+ Kd6 75. b5 Kc7 76. b6+ Kb8 77. Qe8+ 1-0

[Event "GER-chT U20 Girls"]
[Site "Muenster"]
[Date "2022.12.27"]
[Round "2"]
[White "Peglau, Mirjam"]
[Black "Wilmink, Anna"]
[Result "1-0"]
[WhiteElo "1875"]
[BlackElo "1725"]
[PlyCount "115"]
[EventDate "2022.12.26"]
[EventType "team-swiss"]
[EventRounds "7"]
[EventCountry "GER"]
[SourceTitle "CBM 212 Extra"]
[Source "ChessBase"]
[SourceDate "2023.03.31"]
[SourceVersion "1"]
[SourceVersionDate "2023.03.31"]
[SourceQuality "1"]
[WhiteTeam "Seeblick"]
[BlackTeam "Nordhorn Blanke"]
[WhiteTeamCountry "GER"]
[BlackTeamCountry "GER"]

1. d4 d5 2. Nf3 Nf6 3. g3 c5 4. Bg2 Nc6 5. 0-0 Bf5 6. c3 e6 7. Nh4 Bg6 8. Nxg6 hxg6 9. e3 Ne4 10. Qg4 Nf6 11. Qe2 cxd4 12. exd4 Bd6 13. Bg5 Qe7 14. Nd2 Rh5 15. f4 Kf8 16. Nf3 Qc7 17. Nd2 Rh8 18. Rae1 Nh7 19. Bh4 Ne7 20. Bxe7+ Bxe7 21. Nf3 Nf6 22. Ne5 Bd6 23. g4 Qc8 24. h3 Ng8 25. Qd3 Ne7 26. b3 Qd8 27. Qb5 b6 28. c4 Kg8 29. cxd5 a6 30. Qe2 exd5 31. f5 gxf5 32. gxf5 Bxe5 33. dxe5 Nc6 34. f6 gxf6 35. exf6 Kf8 36. Qe3 Qd6 37. Qg5 Rh7 38. Qxd5 Qxd5 39. Bxd5 Rc8 40. Rc1 Na7 41. Rxc8+ Nxc8 42. Rc1 Nd6 43. Rc6 Ne8 44. Kg2 Rh5 45. Bf3 Rc5 46. Rxb6 Rc2+ 47. Kg3 Rxa2 48. Rb8 Rc2 49. b4 Rc4 50. h4 Rc3 51. Kf4 Rc4+ 52. Be4 Rd4 53. Ke5 Rc4 54. h5 Rc3 55. h6 Rh3 56. Bc6 Re3+ 57. Kf4 Re6 58. Rxe8+ 1-0

[Event "GER-chT U20 Girls"]
[Site "Kiel"]
[Date "2022.07.25"]
[Round "6.3"]
[White "Hashemi, Nasanin Sahra"]
[Black "Wilmink, Anna"]
[Result "0-1"]
[WhiteElo "798"]
[BlackElo "1692"]
[PlyCount "86"]
[EventDate "2022.07.22"]
[EventType "team-swiss"]
[EventRounds "7"]
[EventCountry "GER"]
[SourceTitle "CBM 209 Extra"]
[Source "ChessBase"]
[SourceDate "2022.09.30"]
[SourceVersion "1"]
[SourceVersionDate "2022.09.30"]
[SourceQuality "1"]
[WhiteTeam "Bad Oldesloe"]
[BlackTeam "Nordhorn Blanke"]
[WhiteTeamCountry "GER"]
[BlackTeamCountry "GER"]

1. d4 Nf6 2. Nf3 d5 3. Nc3 c5 4. Be3 Nc6 5. Qd3 Nb4 6. Qd2 Bf5 7. 0-0-0 Bxc2 8. Re1 Ne4 9. Qxc2 Nxc2 10. Kxc2 Nxc3 11. Kxc3 cxd4+ 12. Bxd4 Rc8+ 13. Kd2 Qc7 14. Bc3 f6 15. Rc1 e5 16. e3 Qd7 17. Ba5 Rxc1 18. Kxc1 Qa4 19. Bd2 Bb4 20. Bxb4 Qxb4 21. Nd2 Ke7 22. Bd3 Rc8+ 23. Kd1 e4 24. Bb1 Qxb2 25. Ke2 Qb5+ 26. Kd1 Qb2 27. Ke2 Rc1 28. Rxc1 Qxc1 29. g3 h5 30. h4 b5 31. a3 Qxa3 32. Bc2 Qc1 33. Bd1 Qb2 34. Ke1 a5 35. Bxh5 a4 36. Nf1 a3 37. Nh2 a2 38. Kf1 a1Q+ 39. Kg2 Qbc1 40. Kh3 Qh1 41. f3 Qaf1+ 42. Kg4 Qxh2 43. fxe4 Qhe2# 0-1

[Event "GER-chT U20 Girls"]
[Site "Kiel"]
[Date "2022.07.23"]
[Round "2.4"]
[White "Wilmink, Anna"]
[Black "Margaryan, Susanna"]
[Result "1-0"]
[WhiteElo "1692"]
[BlackElo "1436"]
[PlyCount "79"]
[EventDate "2022.07.22"]
[EventType "team-swiss"]
[EventRounds "7"]
[EventCountry "GER"]
[SourceTitle "CBM 209 Extra"]
[Source "ChessBase"]
[SourceDate "2022.09.30"]
[SourceVersion "1"]
[SourceVersionDate "2022.09.30"]
[SourceQuality "1"]
[WhiteTeam "Nordhorn Blanke"]
[BlackTeam "Elmshorn"]
[WhiteTeamCountry "GER"]
[BlackTeamCountry "GER"]

1. e4 c6 2. Nf3 d5 3. d3 dxe4 4. dxe4 Qxd1+ 5. Kxd1 Bg4 6. Be2 Nd7 7. Ne1 Bxe2+ 8. Kxe2 Ngf6 9. f3 e5 10. Nd3 Bd6 11. Be3 h6 12. Nd2 0-0-0 13. a4 g5 14. b4 g4 15. b5 c5 16. Nc4 gxf3+ 17. gxf3 Kc7 18. Rad1 b6 19. Nxd6 Kxd6 20. Nxc5+ Kc7 21. Na6+ Kb7 22. Rd6 Rc8 23. Rc1 Rc4 24. Ke1 Rxa4 25. Rcd1 Kc8 26. Rc6+ Kd8 27. Rxf6 Ke7 28. Rc6 Rg8 29. Rc7 Rd8 30. Rxa7 Rc4 31. Bxb6 Rdc8 32. Raxd7+ Ke8 33. Rd8+ Rxd8 34. Rxd8+ Ke7 35. Kd2 Ra4 36. Rd5 f6 37. Bd8+ Kf7 38. Nc5 Ra8 39. b6 Ke8 40. Bc7 1-0

[Event "GER-chT Federal Cup (Women)"]
[Site "Braunfels"]
[Date "2022.06.19"]
[Round "5.29"]
[White "Malachowski, Margrit"]
[Black "Wilmink, Anna"]
[Result "1-0"]
[WhiteElo "2061"]
[BlackElo "1700"]
[PlyCount "67"]
[EventDate "2022.06.15"]
[EventType "team-swiss"]
[EventRounds "5"]
[EventCountry "GER"]
[SourceTitle "EXT 2023"]
[Source "ChessBase"]
[SourceDate "2022.10.05"]
[SourceVersion "1"]
[SourceVersionDate "2022.10.05"]
[SourceQuality "1"]

1. Nf3 Nf6 2. c4 c5 3. b3 d5 4. e3 Bf5 5. Bb2 e6 6. Nc3 Nc6 7. cxd5 exd5 8. d3 Be7 9. Be2 0-0 10. Rc1 Rc8 11. 0-0 h6 12. Re1 Re8 13. Bf1 Bf8 14. h3 Bg6 15. a3 a6 16. Ne2 Bd6 17. d4 cxd4 18. Nexd4 Nxd4 19. Qxd4 Re4 20. Qd2 Rxc1 21. Rxc1 Re6 22. b4 Bh5 23. Nd4 Re5 24. f4 Re8 25. Nf5 Bg6 26. Nh4 Be4 27. Nf3 Qe7 28. Bd4 Qe6 29. Qf2 Nh5 30. Qh4 Qg6 31. Kf2 f5 32. g4 Be7 33. Qxh5 Qe6 34. Qxe8+ 1-0

[Event "GER-chT Federal Cup (Women)"]
[Site "Braunfels"]
[Date "2022.06.17"]
[Round "2.37"]
[White "Albayrak, Berrak"]
[Black "Wilmink, Anna"]
[Result "1-0"]
[WhiteElo "1569"]
[BlackElo "1700"]
[PlyCount "101"]
[EventDate "2022.06.15"]
[EventType "team-swiss"]
[EventRounds "5"]
[EventCountry "GER"]
[SourceTitle "EXT 2023"]
[Source "ChessBase"]
[SourceDate "2022.10.05"]
[SourceVersion "1"]
[SourceVersionDate "2022.10.05"]
[SourceQuality "1"]

1. e4 e6 2. d3 d5 3. Nd2 Nf6 4. g3 d4 5. Bg2 e5 6. Ne2 Nfd7 7. 0-0 Be7 8. f4 f6 9. f5 Nc6 10. Nf3 Bc5 11. Kh1 Nb6 12. c3 a5 13. g4 Qd6 14. Qc2 dxc3 15. bxc3 Qe7 16. d4 exd4 17. cxd4 Bd6 18. a3 Bd7 19. Bf4 Bxf4 20. Nxf4 0-0-0 21. Rfc1 Be8 22. Ne6 Rd7 23. Qd2 a4 24. d5 Ne5 25. Nxe5 fxe5 26. Qb2 Qd6 27. Rab1 h5 28. Qxb6 Qxb6 29. Rxb6 hxg4 30. Rb4 Rf7 31. Rbc4 c6 32. Rxa4 Kb8 33. Rb4 Kc8 34. dxc6 Bxc6 35. Rb5 g3 36. h3 Kd7 37. Rxe5 b6 38. Ng5 Rff8 39. Rd1+ Kc8 40. Rc1 Kd7 41. Re6 Ba8 42. Rg6 Rfg8 43. Ne6 Rh7 44. Rxg3 Kd6 45. Rd3+ Ke5 46. Ng5 Rh5 47. Nf7+ Kf6 48. Rc7 g6 49. Rd6+ Kg7 50. Ne5+ Kh8 51. Nxg6+ 1-0

[Event "GER-ch U18 Girls"]
[Site "Willingen"]
[Date "2022.06.07"]
[Round "4"]
[White "Basovskiy, Jana"]
[Black "Wilmink, Anna"]
[Result "1-0"]
[WhiteElo "1938"]
[BlackElo "1716"]
[PlyCount "135"]
[EventDate "2022.06.04"]
[EventType "swiss"]
[EventRounds "9"]
[EventCountry "GER"]
[SourceTitle "CBM 208 Extra"]
[Source "ChessBase"]
[SourceDate "2022.07.31"]
[SourceVersion "1"]
[SourceVersionDate "2022.07.31"]
[SourceQuality "1"]

1. e4 Nc6 2. Nf3 f5 3. d3 e5 4. Bg5 Nf6 5. Nc3 Bb4 6. Qd2 h6 7. Bxf6 Qxf6 8. a3 Ba5 9. b4 Bb6 10. Nd5 Qd8 11. Be2 d6 12. 0-0 Be6 13. Nxb6 axb6 14. Ne1 f4 15. Bh5+ Kd7 16. c3 Qf6 17. Qd1 g5 18. Bg4 h5 19. Bxe6+ Qxe6 20. Nf3 Rag8 21. Re1 g4 22. Nh4 g3 23. fxg3 fxg3 24. h3 Qf6 25. Nf5 Ne7 26. Rf1 Qg5 27. Qe2 Rf8 28. Nxe7 Kxe7 29. Rae1 Qg7 30. Qe3 h4 31. Rd1 Rxf1+ 32. Rxf1 Rf8 33. a4 Rxf1+ 34. Kxf1 Qf7+ 35. Ke2 Qa2+ 36. Kf3 Kf7 37. Qe2 Qxa4 38. Kg4 Qa1 39. Kxh4 Qxc3 40. Qf3+ Ke8 41. Qxg3 Qxb4 42. Qg8+ Kd7 43. Qf7+ Kc6 44. Qd5+ Kd7 45. Qf7+ Kc6 46. g4 Qe1+ 47. Kh5 Qd1 48. Qd5+ Kd7 49. Kg6 Qh1 50. Qf7+ Kc6 51. Qh7 b5 52. g5 b4 53. Kf6 b3 54. g6 Qf3+ 55. Ke7 b2 56. g7 b1Q 57. g8Q Qbxd3 58. Kd8 Qf6+ 59. Kc8 Kb5 60. Qxc7 Qxh3+ 61. Kxb7 Qfe6 62. Qa8 Kb4 63. Qaa5+ Kb3 64. Qb5+ Ka2 65. Qca5+ Qa3 66. Qe2+ Kb3 67. Qd3+ Kb2 68. Qaxa3# 1-0

[Event "Oberliga Nord W 2122"]
[Site "Germany"]
[Date "2022.03.06"]
[Round "7.8"]
[White "Warns, Heiko"]
[Black "Wilmink, Anna"]
[Result "1-0"]
[WhiteElo "2066"]
[BlackElo "1681"]
[PlyCount "125"]
[EventDate "2021.10.10"]
[EventType "team-tourn"]
[EventRounds "9"]
[EventCountry "GER"]
[SourceTitle "EXT 2023"]
[Source "ChessBase"]
[SourceDate "2022.10.05"]
[SourceVersion "1"]
[SourceVersionDate "2022.10.05"]
[SourceQuality "1"]
[WhiteTeam "Oldenburg Union"]
[BlackTeam "Nordhorn Blanke"]
[WhiteTeamCountry "GER"]
[BlackTeamCountry "GER"]

1. e4 e6 2. d4 d5 3. Nc3 Nf6 4. Bg5 Be7 5. e5 Nfd7 6. Bxe7 Qxe7 7. f4 c5 8. Nb5 Na6 9. Nd6+ Kf8 10. Bxa6 bxa6 11. Nf3 h6 12. 0-0 a5 13. Qd2 Qd8 14. f5 exf5 15. dxc5 Qc7 16. Qxd5 Qxc5+ 17. Qxc5 Nxc5 18. Nd4 g6 19. Rf3 Ne6 20. Rd1 Ba6 21. Ra3 Kg7 22. Rxa5 Nc7 23. b4 Bc8 24. Rd3 Be6 25. Nxe6+ fxe6 26. Nxf5+ gxf5 27. Rd7+ Kg6 28. Rxc7 Rad8 29. Ra6 Rd1+ 30. Kf2 Rhd8 31. Rxe6+ Kg5 32. Rd6 R8xd6 33. exd6 Rxd6 34. Rc3 Rd2+ 35. Kf3 Rd1 36. a4 Rf1+ 37. Ke2 Rh1 38. h3 Rg1 39. Kf2 Rb1 40. Rb3 Ra1 41. a5 Ra2 42. Rc3 Rb2 43. Rc4 a6 44. Kf3 h5 45. g3 Rb1 46. h4+ Kf6 47. c3 Rd1 48. Rc6+ Ke5 49. Rc5+ Kf6 50. c4 Rc1 51. Rc6+ Ke5 52. b5 Rc3+ 53. Kg2 Rc2+ 54. Kh3 axb5 55. cxb5 Ra2 56. a6 Kd5 57. Rc7 Kd6 58. Rb7 Ra3 59. a7 f4 60. Rb6+ Kc7 61. Ra6 Rxg3+ 62. Kh2 Rg4 63. a8Q 1-0

[Event "Reinstorf op"]
[Site "Reinstorf"]
[Date "2022.01.29"]
[Round "1"]
[White "Hommer, Jeremy"]
[Black "Wilmink, Anna"]
[Result "1-0"]
[WhiteElo "2220"]
[BlackElo "1696"]
[PlyCount "73"]
[EventDate "2022.01.29"]
[EventType "swiss"]
[EventRounds "9"]
[EventCountry "GER"]
[SourceTitle "CBM 206 Extra"]
[Source "ChessBase"]
[SourceDate "2022.03.31"]
[SourceVersion "1"]
[SourceVersionDate "2022.03.31"]
[SourceQuality "1"]

1. d4 Nf6 2. Bf4 d5 3. e3 c5 4. c3 Nc6 5. Nd2 e6 6. Bd3 Be7 7. h3 0-0 8. Ngf3 a6 9. 0-0 b5 10. a3 Qb6 11. Qe2 Bb7 12. Ne5 Rad8 13. Bg5 Qc7 14. f4 c4 15. Bc2 a5 16. g4 b4 17. axb4 axb4 18. Bxf6 Bxf6 19. g5 Bxe5 20. fxe5 b3 21. Bb1 Ne7 22. Qh5 g6 23. Qh6 Nf5 24. Bxf5 exf5 25. Rf4 Kh8 26. Rh4 f6 27. gxf6 g5 28. Rh5 Rg8 29. Nf3 Rd7 30. Nxg5 Bc6 31. Kh2 Bb7 32. Rg1 Bc6 33. f7 Rxf7 34. Nxf7+ Qxf7 35. Rxg8+ Kxg8 36. Rg5+ Kh8 37. Qxc6 1-0

[Event "GER-chT Federal Cup (Women)"]
[Site "Braunfels"]
[Date "2021.10.22"]
[Round "3.15"]
[White "Wilmink, Anna"]
[Black "Kail, Sindy"]
[Result "1-0"]
[WhiteElo "1560"]
[BlackElo "1800"]
[PlyCount "55"]
[EventDate "2021.10.19"]
[EventType "team-tourn"]
[EventRounds "5"]
[EventCountry "GER"]
[SourceTitle "CBM 204 Extra"]
[Source "ChessBase"]
[SourceDate "2021.11.30"]
[SourceVersion "1"]
[SourceVersionDate "2021.11.30"]
[SourceQuality "1"]

1. e4 c5 2. Nf3 Nc6 3. d4 cxd4 4. Nxd4 Nf6 5. Nc3 d6 6. Be2 e6 7. Be3 Be7 8. 0-0 0-0 9. f4 a6 10. g4 Qc7 11. g5 Nd7 12. f5 Nxd4 13. Qxd4 e5 14. Qd2 Nc5 15. h4 Bd7 16. b4 Na4 17. Nd5 Qd8 18. f6 gxf6 19. gxf6 Bxf6 20. Nxf6+ Kh8 21. Bh6 Rg8+ 22. Nxg8 Qxg8+ 23. Qg5 Nc3 24. Bd3 Re8 25. Kh2 Re6 26. Qxg8+ Kxg8 27. Rg1+ Rg6 28. h5 1-0

[Event "GER-ch U14 Girls"]
[Site "Willingen"]
[Date "2021.08.25"]
[Round "4"]
[White "Voigt, Anastasia"]
[Black "Wilmink, Anna"]
[Result "1-0"]
[WhiteElo "1737"]
[BlackElo "1565"]
[PlyCount "101"]
[EventDate "2021.08.22"]
[EventType "swiss"]
[EventRounds "9"]
[EventCountry "GER"]
[SourceTitle "EXT 2022"]
[Source "ChessBase"]
[SourceDate "2021.10.06"]
[SourceVersion "1"]
[SourceVersionDate "2021.10.06"]
[SourceQuality "1"]

1. e4 e6 2. d4 d5 3. Nd2 Nc6 4. Ngf3 Nf6 5. e5 Nd7 6. c3 f6 7. exf6 Qxf6 8. Bd3 Bd6 9. 0-0 0-0 10. Nb3 e5 11. dxe5 Ndxe5 12. Be2 Be6 13. Ng5 Rae8 14. Nxe6 Qxe6 15. f4 Ng6 16. Bg4 Qf7 17. f5 Nge5 18. Be2 Ne7 19. f6 N7g6 20. fxg7 Qxg7 21. Qxd5+ Kh8 22. Rxf8+ Qxf8 23. Bd2 Nf4 24. Bxf4 Qxf4 25. Qd4 Qh6 26. Rf1 Kg8 27. g3 Re7 28. Qxa7 Qg6 29. Qa8+ Re8 30. Qxb7 h5 31. Qd5+ Kg7 32. Nd4 Kh7 33. Nf3 Kg7 34. Nxe5 Rxe5 35. Qf3 h4 36. Bd3 Qe8 37. Qg4+ Kh8 38. Qxh4+ Rh5 39. Qf6+ Kg8 40. Qg6+ Qxg6 41. Bxg6 Re5 42. Kg2 Re2+ 43. Rf2 Re1 44. a4 Ra1 45. b3 Ra3 46. Bf7+ Kg7 47. Rf3 Kh6 48. Bc4 Kg5 49. h4+ Kg4 50. Be2 Kh5 51. Rf6# 1-0

[Event "GER-ch U14 Girls"]
[Site "Willingen"]
[Date "2021.08.24"]
[Round "3"]
[White "Malmstroem, Eva"]
[Black "Wilmink, Anna"]
[Result "0-1"]
[WhiteElo "1348"]
[BlackElo "1565"]
[PlyCount "74"]
[EventDate "2021.08.22"]
[EventType "swiss"]
[EventRounds "9"]
[EventCountry "GER"]
[SourceTitle "EXT 2022"]
[Source "ChessBase"]
[SourceDate "2021.10.06"]
[SourceVersion "1"]
[SourceVersionDate "2021.10.06"]
[SourceQuality "1"]

1. e4 c6 2. d4 d5 3. Nc3 dxe4 4. Nxe4 Nf6 5. Nc3 Bf5 6. Nf3 e6 7. Bd3 Bxd3 8. cxd3 Nbd7 9. 0-0 Be7 10. Qb3 Nb6 11. Bf4 0-0 12. a4 Qd7 13. a5 Nbd5 14. Ne5 Qc8 15. Nxd5 Nxd5 16. Bg3 Rd8 17. Rfe1 Nc7 18. Nxf7 Kxf7 19. Bxc7 Qxc7 20. Qxe6+ Kf8 21. Qf5+ Kg8 22. Qe6+ Kf8 23. Re4 Qd7 24. Rf4+ Bf6 25. Qe4 Kg8 26. a6 bxa6 27. Rxa6 Re8 28. g3 Rxe4 29. Rxe4 Qb7 30. Ra2 Qb3 31. Ra1 Qxb2 32. Rae1 Bxd4 33. R1e2 Qb1+ 34. Re1 Qxd3 35. Rg4 Qd2 36. Ree4 Qxf2+ 37. Kh1 Qg1# 0-1

[Event "GER-ch U14 Girls"]
[Site "Willingen"]
[Date "2021.08.23"]
[Round "1"]
[White "Heuberger, Sandra"]
[Black "Wilmink, Anna"]
[Result "0-1"]
[WhiteElo "1110"]
[BlackElo "1565"]
[PlyCount "118"]
[EventDate "2021.08.22"]
[EventType "swiss"]
[EventRounds "9"]
[EventCountry "GER"]
[SourceTitle "EXT 2022"]
[Source "ChessBase"]
[SourceDate "2021.10.06"]
[SourceVersion "1"]
[SourceVersionDate "2021.10.06"]
[SourceQuality "1"]

1. d4 d5 2. c4 e6 3. Nc3 Nf6 4. Bg5 dxc4 5. e4 c5 6. Nf3 cxd4 7. Nxd4 e5 8. Nf3 Nbd7 9. Bxc4 Qc7 10. Qa4 Be7 11. 0-0 0-0 12. Nd5 Nxd5 13. Bxd5 Nb6 14. Qb3 Nxd5 15. Qxd5 Be6 16. Qd2 f6 17. Be3 Rfd8 18. Qe2 Rac8 19. Nd2 Qc2 20. b3 Bb4 21. Rfd1 Rc6 22. a3 Bxd2 23. Rxd2 Rxd2 24. Qxd2 Qxd2 25. Bxd2 Bxb3 26. Rb1 Rd6 27. h3 Bc2 28. Bb4 Bxb1 29. Bxd6 Bxe4 30. f3 Bd5 31. Kf2 Kf7 32. Ke3 Ke6 33. Bb8 a6 34. a4 b5 35. axb5 axb5 36. Kd2 Bc4 37. g3 g5 38. Ba7 Bd5 39. Ke2 b4 40. Be3 b3 41. Bc1 f5 42. Bb2 h5 43. Kf2 h4 44. g4 f4 45. Ke2 e4 46. fxe4 Bxe4 47. Kf2 Kd5 48. Kf1 Kc4 49. Kf2 Kd3 50. Bf6 Kc2 51. Bxg5 b2 52. Bxf4 b1Q 53. Ke3 Bc6 54. g5 Qb6+ 55. Ke2 Qd4 56. Be3 Qd1+ 57. Kf2 Qf3+ 58. Ke1 Bb5 59. g6 Qe2# 0-1